000
00258nam a22001217a 4500
008
171123b xxu||||| |||| 00| 0 eng d
041
_a
eng
080
_a
7
100
_a
45
101
_a
ART
245
_a
DESIGN WITH NATURE
_c
IAN.L.M
942
_2
udc
_c
BK
999
_c
38331
_d
38331